Bytový dom

Na minha lista:
Detalhes bibliográficos
Autor principal: Bóková, Sabína (Author)
Outros Autores: Ďubek, Silvia (Thesis advisor)
Formato: Manuscrito Livro
Idioma:eslovaco
Publicado em: 2024
Assuntos:
Acesso em linha:http://is.stuba.sk/zp/portal_zp.pl?podrobnosti=168180
https://opac.crzp.sk/?fn=detailBiblioForm&sid=C007B9F4EACE4D3BE3C946B8D8B7
Tags: Adicionar Tag
Sem tags, seja o primeiro a adicionar uma tag!

MARC

LEADER 00000ntm a22000003a 4500
001 stuzp99165
003 SK-STU
005 20240909153756.5
007 ta
008 150427s2015----xo-----f-mn---000-0-slo-d
040 |a STU  |b slo 
041 0 |a slo 
100 1 |a Bóková, Sabína  |u 010270  |4 aut  |U SvF Stavebná fakulta  |T SvF Katedra technológie stavieb  |X 115521  |U V270  |Y 28  |7 115521 
242 0 1 |a Apartment House  |y eng 
245 1 0 |a Bytový dom 
260 |c 2024 
650 4 |a sadrokartónové priečky  |2 slo 
650 4 |a suchá výstavba  |2 slo 
650 4 |a Technológia  |2 slo 
650 4 |a dry construction  |2 eng 
650 4 |a technology  |2 eng 
650 4 |a drywall partitions  |2 eng 
700 1 |a Ďubek, Silvia  |u 010270  |k Z1  |4 ths  |U SvF Stavebná fakulta  |T SvF Katedra technológie stavieb  |X 49683  |U V270  |Y 28  |7 A000049683 
856 4 |u http://is.stuba.sk/zp/portal_zp.pl?podrobnosti=168180 
856 4 |u https://opac.crzp.sk/?fn=detailBiblioForm&sid=C007B9F4EACE4D3BE3C946B8D8B7